Jaroslav Hašek 30.4.1883-3.1.1923 : literárni pásmo k 100. výročí jeho narození /
Uložené v:
| Hlavný autor: | |
|---|---|
| Médium: | Kniha |
| Jazyk: | Czech |
| Vydané: |
Kladno :
Krajská knihovna,
1983.
|
| Edícia: | Metodické texty
|
| Fyzický popis: |
18 strán. |
| Tagy: |
Pridať tag
Žiadne tagy, Buďte prvý kto otaguje tento záznam!
|
Titul je dostupný aj v ... 

MARC
| LEADER | 00000nam a22000002i 4500 | ||
|---|---|---|---|
| 001 | 000725321 | ||
| 005 | 20250219100226.0 | ||
| 008 | 250219s1983 xr e 000 0 cze d | ||
| 020 | |q (brožované) | ||
| 040 | |a SVKKK |b slo |c SVKKK |e rda | ||
| 041 | 0 | |a cze | |
| 044 | |a xr |c CZ | ||
| 100 | 1 | |a Boušková, Eva |4 aut | |
| 245 | 1 | 0 | |a Jaroslav Hašek 30.4.1883-3.1.1923 : |b literárni pásmo k 100. výročí jeho narození / |c vybrala a zpracovala Eva Boušková. |
| 264 | 1 | |a Kladno : |b Krajská knihovna, |c 1983. | |
| 300 | |a 18 strán. | ||
| 336 | |a text |b txt |2 rdacontent | ||
| 337 | |a bez média |b n |2 rdamedia | ||
| 338 | |a zväzok |b nc |2 rdacarrier | ||
| 490 | 1 | |a Metodické texty / Krajská knihovna Kladno ; |v č. 124 | |
| 500 | |a Záznam revízie | ||
| 830 | 0 | |a Metodické texty | |
| 910 | |a svkkk | ||
| 998 | |a BK | ||
| 090 | |g SCKHL |k Sklad Pribinova 3. posch. |a V.132223 |j 672168 |i 2720969626 |s Povinný výt. | ||